3 Largest cities: UK,US,Germany,France &Italy:begin with S - Statistics

General Stats
  • This quiz has been taken 163 times
  • The average score is 6 of 15
Answer Stats
Hint Answer % Correct
USA San Diego
77%
UK Sheffield
69%
Germany Stuttgart
69%
France Strasbourg
66%
USA San Antonio
65%
USA San Jose
60%
Italy Salerno
38%
UK Stoke
35%
France Saint-Étienne
33%
UK Sunderland
32%
Italy Syracuse
29%
Germany Saarbrücken
24%
Italy Sassari
17%
France Saint-Denis
11%
Germany Solingen
7%
No matching quizzes found
Score Distribution
Percent of People with Each Score
Percentile by Number Answered
Your Score History
You have not taken this quiz